Statystyki dla Flagi reprezentacji w Mistrzostwach Świata 2018

Kliknij tutaj aby rozwiązać quiz!

Ogólne statystyki

  • Ten quiz został rozwiązany 6,099 razy
  • Średni wynik to 30 z 32

Statystyki odpowiedzi

Answer % poprawnych
Rosja
100%
Francja
100%
Brazylia
100%
Niemcy
99%
Belgia
99%
Japonia
99%
Szwecja
99%
Korea Południowa
98%
Polska
98%
Australia
97%
Dania
97%
Hiszpania
97%
Portugalia
97%
Chorwacja
96%
Argentyna
96%
Szwajcaria
96%
Islandia
95%
Meksyk
95%
Egipt
94%
Arabia Saudyjska
94%
Anglia
94%
Serbia
92%
Urugwaj
91%
Nigeria
90%
Kolumbia
90%
Iran
89%
Panama
84%
Maroko
83%
Senegal
83%
Tunezja
82%
Kostaryka
78%
Peru
77%

Rozkład punktacji

Percentyl według liczby udzielonych odpowiedzi

Procent ludzi z każdym wynikiem

Twoja historia wyników

Nie rozwiązałeś tego quizu